000 00824nam a2200253 a 4500
001 3863454
003 OSt
005 20230623110630.0
008 930714s1987 at b 000 0 eng
010 _a 88174960
020 _a073053183X
040 _aDLC
_cDLC
043 _au-at-ne
082 _a328.994
_bNSW
245 0 0 _aAustralia's first parliament, Parliament House, New South Wales /
_c[edited by Maisy Stapleton].
260 _a[Sydney, N.S.W.] :
_bParliament NSW,
_c1987.
300 _a176 p. :
_bill. (some col.) ;
_c34 cm.
504 _aIncludes bibliographical references (p. 176).
610 2 0 _aNew South Wales.
_bParliament
_xBuildings.
650 0 _aPublic buildings
_zAustralia
_zSydney (N.S.W.)
700 1 _aStapleton, Maisy.
906 _a7
_bcbc
_corignew
_d3
_encip
_f19
_gy-gencatlg
942 _2ddc
_cBK
999 _c2442
_d2442